[Event "Gipuzkoako-ch U16"]
[Site "Errenteria"]
[Date "2008.11.09"]
[Round "4.2"]
[White "Pedrera Busselo, Asier"]
[Black "Etxeberria Urteaga, Jon"]
[Result "1-0"]
[WhiteElo "1690"]
[BlackElo "1633"]
[PlyCount "37"]
[EventDate "2008.10.19"]
[EventType "swiss"]
[EventRounds "5"]
[EventCountry "ESP"]
[SourceTitle "EXT 2024"]
[Source "ChessBase"]
[SourceDate "2023.10.10"]
[SourceVersion "1"]
[SourceVersionDate "2023.10.10"]
[SourceQuality "1"]

1. e4 e6 2. d4 d5 3. exd5 exd5 4. Nf3 Nc6 5. Nc3 Nf6 6. Bg5 h6 7. Bf4 Ne4 8. Nxe4 dxe4 9. Ne5 Nxe5 10. Bxe5 f6 11. Bf4 g5 12. Qh5+ Ke7 13. Be3 Bf5 14. Bc4 Qd7 15. Qf7+ Kd8 16. Qxf6+ Be7 17. Qxh8+ Qe8 18. Qxe8+ Kxe8 19. 0-0-0 1-0

[Event "Gipuzkoako-ch U16"]
[Site "Errenteria"]
[Date "2007.12.02"]
[Round "6.7"]
[White "Etxeberria Urteaga, Jon"]
[Black "Alberdi Jarit, Gaizka"]
[Result "0-1"]
[WhiteElo "1614"]
[BlackElo "1674"]
[PlyCount "58"]
[EventDate "2007.10.21"]
[EventType "swiss"]
[EventRounds "6"]
[EventCountry "ESP"]
[SourceTitle "EXT 2024"]
[Source "ChessBase"]
[SourceDate "2023.10.10"]
[SourceVersion "1"]
[SourceVersionDate "2023.10.10"]
[SourceQuality "1"]

1. Nf3 Nf6 2. d4 d5 3. Bf4 e6 4. e3 c5 5. c3 Nc6 6. Nbd2 Bd7 7. a3 c4 8. b3 b5 9. Be2 Be7 10. a4 a6 11. bxc4 bxc4 12. 0-0 0-0 13. Qc2 Ra7 14. Rfb1 Qa8 15. Ng5 h6 16. Ngf3 Bd8 17. Rb2 Bc7 18. Be5 Ng4 19. Bxc7 Rxc7 20. Nh4 Nf6 21. Rab1 Rb8 22. Rxb8+ Nxb8 23. Qb2 Rc8 24. Bf3 Qa7 25. Qb6 Qxb6 26. Rxb6 Bxa4 27. Be2 Bb5 28. Nhf3 Nbd7 29. Rd6 Ne8 0-1

[Event "Gipuzkoako-ch U16"]
[Site "Errenteria"]
[Date "2007.11.11"]
[Round "4.9"]
[White "Etxeberria Urteaga, Jon"]
[Black "Intxaurrondo Gonzalez, Aimar"]
[Result "1-0"]
[WhiteElo "1614"]
[BlackElo "1483"]
[PlyCount "73"]
[EventDate "2007.10.21"]
[EventType "swiss"]
[EventRounds "6"]
[EventCountry "ESP"]
[SourceTitle "EXT 2024"]
[Source "ChessBase"]
[SourceDate "2023.10.10"]
[SourceVersion "1"]
[SourceVersionDate "2023.10.10"]
[SourceQuality "1"]

1. d4 d5 2. Nc3 c5 3. dxc5 e5 4. Qxd5 Qxd5 5. Nxd5 Na6 6. e4 Bxc5 7. Bxa6 bxa6 8. Nc7+ Kd8 9. Nxa8 Bb7 10. Be3 Bxe3 11. fxe3 Bxa8 12. 0-0-0+ Ke7 13. Nf3 Bxe4 14. Nxe5 Nf6 15. Rd2 Rb8 16. Rg1 Rb5 17. Nd3 Nd5 18. Nf2 Bg6 19. c4 Rc5 20. Rxd5 Rxc4+ 21. Kd2 Ke6 22. Rd4 Rc6 23. Rc1 Rb6 24. b4 Bf5 25. g4 Bg6 26. Rdc4 Rd6+ 27. Ke2 f6 28. Rc6 Be8 29. Rxd6+ Kxd6 30. Rd1+ Ke6 31. Rd8 Bb5+ 32. Ke1 Ke7 33. Rc8 Ke6 34. Rc7 h6 35. Rxa7 f5 36. gxf5+ Kxf5 37. Rxg7 1-0